|
|
|
|
| LEADER |
00000nam a2200000 a 4500 |
| 001 |
vtls001323183 |
| 003 |
SK-MaSNL |
| 005 |
20260224064059.0 |
| 008 |
180126sm y0 xo 0 und |
| 035 |
|
|
|a SNK000275871
|
| 040 |
|
|
|a SNK
|b slo
|c SNK
|e AACR2
|
| 044 |
|
|
|a xo
|c SK
|
| 245 |
1 |
|
|a Textílie - Skúšky stálofarebnosti
|b Časť P01: Stálofarebnosť v suchom teple (s výnimkou žehlenia)
|
| 260 |
|
|
|a Bratislava
|b Slovenský ústav technickej normalizácie
|c 1998
|
| 300 |
|
|
|a 8 s.
|
| 999 |
|
|
|c 889713
|d 891643
|
| 952 |
|
|
|t P60, <03>, [BOOK], {603}
|a SNK
|b SNK
|y PREZ
|7 0
|p 17A0118007
|o snkSTN EN ISO 105-P01
|i snkN 187/98
|0 0
|1 0
|4 0
|d 1998-03-03
|l 0
|r 2005-01-02 00:00:00
|w 2026-02-24
|
| 952 |
|
|
|t P66, <07>, [BOOK], {604}
|a SNK
|b SNK
|y PREZ
|7 0
|p 17A0118008
|o snkSTN EN ISO 105-P01 D1
|i snkN 188/98
|0 0
|1 0
|4 0
|d 1998-03-03
|l 0
|r 2005-01-02 00:00:00
|w 2026-02-24
|